| 000 | 00518nam a22001937a 4500 | ||
|---|---|---|---|
| 005 | 20260421152922.0 | ||
| 008 | 260421b |||||||| |||| 00| 0 eng d | ||
| 020 | _a9789354895371 | ||
| 040 | _cFLL | ||
| 041 | _2eng | ||
| 084 | _aY:451262.245.P R1 | ||
| 100 |
_aMurphy, Laura T _91235308 |
||
| 245 |
_aAzad Nagar _b:The Story of a 21st. Centuary Slave Revolt |
||
| 250 | _a1st | ||
| 260 |
_aGurugram _bHarper Collins _c2022 |
||
| 300 |
_axiv,145p _bPb |
||
| 650 |
_aGeneral Reading _91234946 |
||
| 942 |
_2CC _cGB |
||
| 999 |
_c1848356 _d1848356 |
||